000 nam a22 7a 4500
999 _c7434
_d7434
008 170830b xxu||||| |||| 00| 0 eng d
082 _23rd
100 _aPollock Thomas Clark
_93959
245 _aThe Macmillan English Series
260 _aLondon
_bThe Macmillan Company
_c1967